| 000 | 01304cam a22002174a 4500 | ||
|---|---|---|---|
| 005 | 20250605164155.0 | ||
| 008 | 250528s ||||||||||||||||||||||||d | ||
| 035 | _a19576 | ||
| 020 | _a9607344839 | ||
| 040 |
_aGR-AtMCL _bgre _dGR-AtMCL _eAACR2 |
||
| 245 | 1 | _aΧΡΗΜΑΤΟΔΟΤΗΣΗ ΕΠΙΧΕΙΡΗΣΕΩΝ: ΧΡΗΜΑΤΙΣΤΙΚΗ ΔΙΑΧΕΙΡΙΣΗ ΕΠΙΧΕΙΡΗΣΕΩΝ | |
| 250 | _a2 | ||
| 260 |
_bΣυγχρονη Εκδοτικη, _c1999 |
||
| 300 | _a1000 | ||
| 505 | 0 | _aΗ ΛΟΓΙΣΤΙΚΗ ΩΣ ΒΑΣΗ ΧΡΗΜΑΤΙΣΤΙΚΗ ΘΕΩΡΗΣΗ ΤΑ ΙΔΙΑ ΚΕΦΑΛΑΙΑ ΤΩΝ ΕΠΙΧΕΙΡΗΣΕΩΝ Η ΑΥΤΟΧΡΗΜΑΤΟΔΟΤΗΣΗ ΤΩΝ ΕΠΙΧΕΙΡΗΣΕΩΝ ΤΟ ΚΥΚΛΟΦΟΡΙΑΚΟ ΚΕΦΑΛΑΙΟ Ο ΠΙΝΑΚΑΣ ΧΡΗΜΑΤΟΔΟΤΗΣΕΩΣ ΟΙ ΑΡΙΘΜΟΔΕΙΚΤΕΣ | |
| 520 | _aΗ ΛΟΓΙΣΤΙΚΗ ΩΣ ΒΑΣΗ ΧΡΗΜΑΤΙΣΤΙΚΗ ΘΕΩΡΗΣΗ ΤΑ ΙΔΙΑ ΚΕΦΑΛΑΙΑ ΤΩΝ ΕΠΙΧΕΙΡΗΣΕΩΝ Η ΑΥΤΟΧΡΗΜΑΤΟΔΟΤΗΣΗ ΤΩΝ ΕΠΙΧΕΙΡΗΣΕΩΝ ΤΟ ΚΥΚΛΟΦΟΡΙΑΚΟ ΚΕΦΑΛΑΙΟ Ο ΠΙΝΑΚΑΣ ΧΡΗΜΑΤΟΔΟΤΗΣΕΩΣ ΟΙ ΑΡΙΘΜΟΔΕΙΚΤΕΣ | ||
| 700 | 1 |
_aΔασκαλου Γεωργιος Χρ _95008 |
|
| 942 | _cBK | ||
| 999 |
_c4832 _d4832 |
||